000 00557nam a2200193 a 4500
001 10621
003 CO-ViMGA
008 141112s2004 ck r 000 u spa d
040 _aCO-ViMGA
_bspa
_cCO-ViMGA
082 0 4 _a641.50987 L69h
100 1 _aLovera ; Jose Rafael,
_914469
245 1 0 _aHistoria de la Alimentación en Venezuela :
_bcon textos para su estudio
250 _a1
260 _aCaracas :
_bMonte Avila Editores,
_c1988
300 _a307p. : il.
650 1 4 _aALIMENTOS - HISTORIA
_914470
650 1 4 _aVENEZUELA
_914471
942 _2ddc
_cBK
999 _c21928
_d21928